000 00593nam a2200217Ia 4500
003 OSt
005 20260107131523.0
008 210719s2020 xx 000 0 und d
020 _a978-1-071-60442-7
040 _cAL
041 _aeng
082 _a004.36 OHRR
100 _aOhri A
_9250521
245 _aR for cloud computing
_b: an approach for data scientists
260 _aNew York
_bSpringer
_c2020
300 _a267
_bHB
365 _b1995
_cRs
650 _aComputer Science
_9250522
906 _aapproach ; cloud ; computing:an ; data ; for ; R ; scientists
942 _2ddc
_cBK
999 _c211930
_d211930